Größte Städte der Welt im Jahr 1900 - Statistiken

Allgemein
  • Dieses Quiz wurde 284 mal gespielt
  • Das Durchschnittsergebnis liegt bei 11 aus 15
Antwortstatistiken
Tipp: Antwort % Korrekt
Nordamerika New York
98%
Europa Paris
98%
Europa Berlin
97%
Europa London
97%
Europa Moskau
85%
Asien Tokio
81%
Europa Wien
75%
Nordamerika Chicago
74%
Indien Bombay
65%
Europa Konstantinopel
63%
Südamerika Buenos aires
62%
Europa Hamburg
61%
Europa St. Petersburg
59%
Europa Budapest
38%
Nordamerika Philadelphia
34%
Keine übereinstimmenden Quizze gefunden
Verteilung der Resultate
Anzahl Personen mit jedem Resultat
Perzentil nach korrekt beantworteten Fragen
Ihre Resultats-Entwicklung
Sie haben dieses Quiz noch nicht gespielt